Soccer World Cup Participant ? #5 - Statistics

General Stats
  • This quiz has been taken 35 times
  • The average score is 14 of 15
Answer Stats
Hint Answer % Correct
Uruguay Correct
100%
The Bahamas False
100%
Brazil Correct
97%
Croatia Correct
97%
Netherlands Correct
97%
Madagascar False
97%
Taiwan False
97%
Singapore False
97%
Maldives False
97%
Central African Republic False
93%
Sierra Leone False
90%
Tanzania False
87%
Mongolia False
87%
Uzbekistan False
87%
Liberia False
80%
No matching quizzes found
Score Distribution
Percent of People with Each Score
Percentile by Number Answered
Your Score History
You have not taken this quiz